LDR 00841naa#a2200181#i#450# 001 EN\\bibl\19444 005 20260516102412.6 100 ## _a20260515b2026####ek#y0engy0150####ca 102 ## _aRU 200 1# _aSTABILITY MODELING PASTURE ECOSYSTEMS _eConference article/thesis 210 1# _aVoronezh _cFSBE Institution of Higher Education Voronezh State University of Forestry and Technologies named after G.F. Morozov _d2026 215 ## _a7 с. 608 ## _aConference article/thesis _2local 675 ## _aДеградация почвы, эрозия, оползни. 632.125 _aМетодология географии (предмет, теория, система дисциплин, методы). 910.1 _aДинамика. Кинетика. 531.3 _z 700 #1 _aSalugin _gA. N. 700 #1 _aMelikhova _gE. V. 700 #1 _aKorneeva _gE. A. 856 4# _abibl.vgltu.ru _u